<?xml version="1.0" encoding="UTF-8"?>
<record
    xmlns:xsi="http://www.w3.org/2001/XMLSchema-instance"
    xsi:schemaLocation="http://www.loc.gov/MARC21/slim http://www.loc.gov/standards/marcxml/schema/MARC21slim.xsd"
    xmlns="http://www.loc.gov/MARC21/slim">

  <leader>02555nam a2200241   4500</leader>
  <controlfield tag="003">NALT</controlfield>
  <controlfield tag="005">20250730164402.0</controlfield>
  <controlfield tag="008">250630b        th ||||| |||| 00| 0 tha d</controlfield>
  <datafield tag="040" ind1=" " ind2=" ">
    <subfield code="a">NALT</subfield>
  </datafield>
  <datafield tag="086" ind1=" " ind2=" ">
    <subfield code="a">&#xE23;&#xE07; 05 2.3 331.1 2567</subfield>
  </datafield>
  <datafield tag="110" ind1="2" ind2=" ">
    <subfield code="a">&#xE01;&#xE23;&#xE30;&#xE17;&#xE23;&#xE27;&#xE07;&#xE41;&#xE23;&#xE07;&#xE07;&#xE32;&#xE19;.</subfield>
    <subfield code="b">&#xE01;&#xE23;&#xE21;&#xE2A;&#xE27;&#xE31;&#xE2A;&#xE14;&#xE34;&#xE01;&#xE32;&#xE23;&#xE41;&#xE25;&#xE30;&#xE04;&#xE38;&#xE49;&#xE21;&#xE04;&#xE23;&#xE2D;&#xE07;&#xE41;&#xE23;&#xE07;&#xE07;&#xE32;&#xE19;</subfield>
    <subfield code="9">1246</subfield>
  </datafield>
  <datafield tag="245" ind1="1" ind2="0">
    <subfield code="a">&#xE2A;&#xE16;&#xE34;&#xE15;&#xE34;&#xE2A;&#xE27;&#xE31;&#xE2A;&#xE14;&#xE34;&#xE01;&#xE32;&#xE23;&#xE41;&#xE25;&#xE30;&#xE04;&#xE38;&#xE49;&#xE21;&#xE04;&#xE23;&#xE2D;&#xE07;&#xE41;&#xE23;&#xE07;&#xE07;&#xE32;&#xE19; &#xE1E;.&#xE28;. 2567 = </subfield>
    <subfield code="b">Yearbook of labour protection and welfare statistics 2024 /</subfield>
    <subfield code="c">&#xE01;&#xE23;&#xE21;&#xE2A;&#xE27;&#xE31;&#xE2A;&#xE14;&#xE34;&#xE01;&#xE32;&#xE23;&#xE41;&#xE25;&#xE30;&#xE04;&#xE38;&#xE49;&#xE21;&#xE04;&#xE23;&#xE2D;&#xE07;&#xE41;&#xE23;&#xE07;&#xE07;&#xE32;&#xE19; &#xE01;&#xE23;&#xE30;&#xE17;&#xE23;&#xE27;&#xE07;&#xE41;&#xE23;&#xE07;&#xE07;&#xE32;&#xE19;.</subfield>
  </datafield>
  <datafield tag="260" ind1=" " ind2=" ">
    <subfield code="a">&#xE01;&#xE23;&#xE38;&#xE07;&#xE40;&#xE17;&#xE1E;&#xE2F; :</subfield>
    <subfield code="b">&#xE01;&#xE23;&#xE21;&#xE2A;&#xE27;&#xE31;&#xE2A;&#xE14;&#xE34;&#xE01;&#xE32;&#xE23;&#xE41;&#xE25;&#xE30;&#xE04;&#xE38;&#xE49;&#xE21;&#xE04;&#xE23;&#xE2D;&#xE07;&#xE41;&#xE23;&#xE07;&#xE07;&#xE32;&#xE19;, </subfield>
    <subfield code="c">2568.</subfield>
  </datafield>
  <datafield tag="300" ind1=" " ind2=" ">
    <subfield code="a">286 &#xE2B;&#xE19;&#xE49;&#xE32; : </subfield>
    <subfield code="b">&#xE15;&#xE32;&#xE23;&#xE32;&#xE07;, &#xE41;&#xE1C;&#xE19;&#xE20;&#xE39;&#xE21;&#xE34; ;</subfield>
    <subfield code="c">30 &#xE0B;&#xE21;.</subfield>
  </datafield>
  <datafield tag="505" ind1="2" ind2=" ">
    <subfield code="a">&#xE1A;&#xE17;&#xE17;&#xE35;&#xE48; 1 &#xE08;&#xE33;&#xE19;&#xE27;&#xE19;&#xE2A;&#xE16;&#xE32;&#xE19;&#xE1B;&#xE23;&#xE30;&#xE01;&#xE2D;&#xE1A;&#xE01;&#xE34;&#xE08;&#xE01;&#xE32;&#xE23;&#xE41;&#xE25;&#xE30;&#xE25;&#xE39;&#xE01;&#xE08;&#xE49;&#xE32;&#xE07; --
&#xE1A;&#xE17;&#xE17;&#xE35;&#xE48; 2 &#xE01;&#xE32;&#xE23;&#xE23;&#xE31;&#xE1A;&#xE41;&#xE25;&#xE30;&#xE27;&#xE34;&#xE19;&#xE34;&#xE08;&#xE09;&#xE31;&#xE22;&#xE04;&#xE33;&#xE23;&#xE49;&#xE2D;&#xE07; --
&#xE1A;&#xE17;&#xE17;&#xE35;&#xE48; 3 &#xE01;&#xE32;&#xE23;&#xE15;&#xE23;&#xE27;&#xE08;&#xE41;&#xE23;&#xE07;&#xE07;&#xE32;&#xE19; --
&#xE1A;&#xE17;&#xE17;&#xE35;&#xE48; 4 &#xE01;&#xE32;&#xE23;&#xE15;&#xE23;&#xE27;&#xE08;&#xE41;&#xE23;&#xE07;&#xE07;&#xE32;&#xE19;&#xE40;&#xE01;&#xE29;&#xE15;&#xE23;&#xE01;&#xE23;&#xE23;&#xE21; --
&#xE1A;&#xE17;&#xE17;&#xE35;&#xE48; 5 &#xE01;&#xE32;&#xE23;&#xE15;&#xE23;&#xE27;&#xE08;&#xE04;&#xE38;&#xE49;&#xE21;&#xE04;&#xE23;&#xE2D;&#xE07;&#xE1C;&#xE39;&#xE49;&#xE23;&#xE31;&#xE1A;&#xE07;&#xE32;&#xE19;&#xE44;&#xE1B;&#xE17;&#xE33;&#xE17;&#xE35;&#xE48;&#xE1A;&#xE49;&#xE32;&#xE19; --
&#xE1A;&#xE17;&#xE17;&#xE35;&#xE48; 6 &#xE01;&#xE32;&#xE23;&#xE15;&#xE23;&#xE27;&#xE08;&#xE04;&#xE27;&#xE32;&#xE21;&#xE1B;&#xE25;&#xE2D;&#xE14;&#xE20;&#xE31;&#xE22;&#xE43;&#xE19;&#xE01;&#xE32;&#xE23;&#xE17;&#xE33;&#xE07;&#xE32;&#xE19; --
&#xE1A;&#xE17;&#xE17;&#xE35;&#xE48; 7 &#xE01;&#xE32;&#xE23;&#xE40;&#xE25;&#xE34;&#xE01;&#xE08;&#xE49;&#xE32;&#xE07;&#xE41;&#xE23;&#xE07;&#xE07;&#xE32;&#xE19; --
&#xE1A;&#xE17;&#xE17;&#xE35;&#xE48; 8 &#xE01;&#xE32;&#xE23;&#xE41;&#xE08;&#xE49;&#xE07;&#xE2B;&#xE22;&#xE38;&#xE14;&#xE01;&#xE34;&#xE08;&#xE01;&#xE32;&#xE23;&#xE0A;&#xE31;&#xE48;&#xE27;&#xE04;&#xE23;&#xE32;&#xE27;&#xE15;&#xE32;&#xE21;&#xE21;&#xE32;&#xE15;&#xE23;&#xE32; 75 &#xE41;&#xE2B;&#xE48;&#xE07;&#xE1E;&#xE23;&#xE30;&#xE23;&#xE32;&#xE0A;&#xE1A;&#xE31;&#xE0D;&#xE0D;&#xE31;&#xE15;&#xE34;&#xE04;&#xE38;&#xE49;&#xE21;&#xE04;&#xE23;&#xE2D;&#xE07;&#xE41;&#xE23;&#xE07;&#xE07;&#xE32;&#xE19; &#xE1E;.&#xE28;. 2541 --
&#xE1A;&#xE17;&#xE17;&#xE35;&#xE48; 9 &#xE01;&#xE32;&#xE23;&#xE2A;&#xE48;&#xE07;&#xE40;&#xE2A;&#xE23;&#xE34;&#xE21;&#xE41;&#xE23;&#xE07;&#xE07;&#xE32;&#xE19;&#xE2A;&#xE31;&#xE21;&#xE1E;&#xE31;&#xE19;&#xE18;&#xE4C; --
&#xE1A;&#xE17;&#xE17;&#xE35;&#xE48; 10 &#xE2A;&#xE27;&#xE31;&#xE2A;&#xE14;&#xE34;&#xE01;&#xE32;&#xE23;&#xE41;&#xE23;&#xE07;&#xE07;&#xE32;&#xE19; --
&#xE1A;&#xE17;&#xE17;&#xE35;&#xE48; 11 &#xE21;&#xE32;&#xE15;&#xE23;&#xE10;&#xE32;&#xE19;&#xE41;&#xE23;&#xE07;&#xE07;&#xE32;&#xE19;&#xE44;&#xE17;&#xE22; &#xE21;&#xE23;&#xE17;.8001-2563 --
&#xE1A;&#xE17;&#xE17;&#xE35;&#xE48; 12 &#xE41;&#xE19;&#xE27;&#xE1B;&#xE0F;&#xE34;&#xE1A;&#xE31;&#xE15;&#xE34;&#xE01;&#xE32;&#xE23;&#xE43;&#xE0A;&#xE49;&#xE41;&#xE23;&#xE07;&#xE07;&#xE32;&#xE19;&#xE17;&#xE35;&#xE48;&#xE14;&#xE35;.</subfield>
  </datafield>
  <datafield tag="650" ind1=" " ind2="4">
    <subfield code="a">&#xE41;&#xE23;&#xE07;&#xE07;&#xE32;&#xE19; </subfield>
    <subfield code="x">&#xE2A;&#xE16;&#xE34;&#xE15;&#xE34; </subfield>
    <subfield code="y">2567</subfield>
    <subfield code="9">66373</subfield>
  </datafield>
  <datafield tag="650" ind1=" " ind2="4">
    <subfield code="a">Labor </subfield>
    <subfield code="x">Statistics</subfield>
    <subfield code="y">2024</subfield>
    <subfield code="9">66374</subfield>
  </datafield>
  <datafield tag="942" ind1=" " ind2=" ">
    <subfield code="2">local</subfield>
    <subfield code="c">GOV</subfield>
  </datafield>
  <datafield tag="996" ind1=" " ind2=" ">
    <subfield code="a">jidapa.t</subfield>
    <subfield code="b">ACQSTF</subfield>
    <subfield code="c">2025-06-30</subfield>
  </datafield>
  <datafield tag="996" ind1=" " ind2=" ">
    <subfield code="a">varee.k</subfield>
    <subfield code="b">LIBSTF</subfield>
    <subfield code="c">2025-07-02</subfield>
  </datafield>
  <datafield tag="996" ind1=" " ind2=" ">
    <subfield code="a">jamriang.p</subfield>
    <subfield code="b">CATSTF	</subfield>
    <subfield code="c">2025-07-30</subfield>
  </datafield>
  <datafield tag="999" ind1=" " ind2=" ">
    <subfield code="c">106970</subfield>
    <subfield code="d">106970</subfield>
  </datafield>
  <datafield tag="998" ind1=" " ind2=" ">
    <subfield code="j">1020</subfield>
    <subfield code="k"> &#xE19;&#xE32;&#xE07;&#xE08;&#xE33;&#xE40;&#xE23;&#xE35;&#xE22;&#xE07;  &#xE23;&#xE30;&#xE27;&#xE31;&#xE07;&#xE2A;&#xE33;&#xE42;&#xE23;&#xE07;</subfield>
  </datafield>
  <datafield tag="952" ind1=" " ind2=" ">
    <subfield code="0">0</subfield>
    <subfield code="1">0</subfield>
    <subfield code="2">local</subfield>
    <subfield code="4">0</subfield>
    <subfield code="7">0</subfield>
    <subfield code="8">CGOV</subfield>
    <subfield code="a">NALT</subfield>
    <subfield code="b">NALT</subfield>
    <subfield code="c">GOV</subfield>
    <subfield code="d">2025-06-30</subfield>
    <subfield code="e">&#xE2B;&#xE19;&#xE48;&#xE27;&#xE22;&#xE07;&#xE32;&#xE19;&#xE20;&#xE32;&#xE04;&#xE23;&#xE31;&#xE10;</subfield>
    <subfield code="l">0</subfield>
    <subfield code="o">&#xE23;&#xE07; 05 2.3 331.1 2567</subfield>
    <subfield code="p">3961215472</subfield>
    <subfield code="r">2025-06-30 00:00:00</subfield>
    <subfield code="w">2025-06-30</subfield>
    <subfield code="y">GOV</subfield>
  </datafield>
</record>
